Grecia y Roma

Furkejuvvon:
Bibliográfalaš dieđut
Materiálatiipa: Girji
Giella:espánnjágiella
Almmustuhtton: Madrid Cultural 2006
Ráidu:Maravillas del Mundo: Grandes Civilizaciones, 10
Fáttát:
Fáddágilkorat: Lasit fáddágilkoriid
Eai fáddágilkorat, Lasit vuosttaš fáddágilkora!

MARC

LEADER 00000nam a2200000 a 4500
001 UCG3637
003 CL-VaPUC
008 100909e20060000SP |||||||||||||||||spa|d
020 |a 8480558202 
082 0 4 |a 911.937  |b GRE  |2 21 
245 1 0 |a Grecia y Roma 
300 |a 172 p 
942 |c BK 
945 |d 20100909 00:00:00  |a mfarfan 
260 |a Madrid  |b Cultural  |c 2006 
650 0 |a Geografía histórica   |9 267532 
650 0 |a Geografía  |9 259346 
650 0 |a Civilizaciones antiguas  |9 265998 
651 0 |a Grecia  |9 265314 
651 0 |a Roma   |9 255106 
583 |a last modification  |c 20100909 00:00:00  |k Rodrigo Vera 
490 0 |a Maravillas del Mundo: Grandes Civilizaciones, 10 
999 |c 342684  |d 342682